|
|
|
|
| LEADER |
01041nam a22002657a 4500 |
| 001 |
AAL4445 |
| 003 |
BD-DhAAL |
| 005 |
20160313150438.0 |
| 008 |
160313s 1998bg a|||| b||| 00| 0 ben d |
| 020 |
|
|
|a 9840737619
|
| 040 |
|
|
|a BD-DhAAL
|c BD-DhAAL
|
| 082 |
|
|
|a 363.7
|
| 100 |
|
|
|a আমিন, মোঃ সদরুল
|9 18460
|
| 245 |
|
|
|a পরিবেশ বিজ্ঞান :
|b মৃত্তিকা রসায়ন /
|c মোঃ সদরুল আমিন
|
| 250 |
|
|
|a 1st ed.
|
| 260 |
|
|
|a ঢাকা :
|b বাংলা একাডেমী,
|c ১৯৯৮
|
| 300 |
|
|
|a ১১৯ পৃ. :
|b চিত্র ;
|c ২২ সে.মি.
|
| 504 |
|
|
|6 Includes bibliography
|
| 541 |
|
|
|e 4445
|
| 650 |
|
|
|a Environmental sciences.
|9 18461
|
| 650 |
|
|
|a Soil Chemistry
|9 18462
|
| 852 |
|
|
|a Savar Campus Library
|c General Shelf
|
| 942 |
|
|
|2 ddc
|c BK
|
| 999 |
|
|
|c 37090
|d 37090
|
| 952 |
|
|
|0 0
|1 0
|2 ddc
|4 0
|6 363_700000000000000_AMI
|7 0
|9 58347
|a SCL
|b SCL
|c GEN
|d 2016-03-13
|g 350.00
|l 0
|o 363.7 AMI
|p 3020004445
|r 2016-03-13
|t 1
|w 2016-03-13
|y BK
|